Statistics for Lynton & Barnstaple Railway

Click here to take the quiz!

General Stats

  • This quiz has been taken 16 times
  • The average score is 5 of 10

Answer Stats

Hint Answer % Correct
(Closed)Lynton
100%
(Open)Woody Bay
93%
(Closed)Blackmoor
64%
(Closed)Parracombe Halt
57%
(Closed)Barnstaple Town
57%
(Closed)Bratton Fleming
50%
(Open)Killington Lane
43%
(Closed)Chelfham
36%
(Closed)Caffyns Halt
21%
(Closed)Snapper Halt
21%

Score Distribution

Percentile by Number Answered

Percent of People with Each Score

Your Score History

You have not taken this quiz